000 00795cam a2200289Ma 4500
001 91285
005 20230410130815.0
008 810220s1957 fr 000 1 fre d
035 _a(OCoLC)ocn225093636
040 _aAU@
_cAU@
_dOCLCG
029 0 _aAU@
_b000040260656
035 _a(OCoLC)225093636
050 1 4 _aPQ 2607
_bC392d 1957
082 0 0 _a843.912
100 1 _aCéline, Louis-Ferdinand,
_d1894-1961.
245 1 0 _aD'un chateau a l'autre /
_cLouis Ferdinand Céline.
260 _aParis :
_bGallimard,
_c1957.
300 _a443p. ;
_c18cm.
440 0 _aLe Livre de Pouche
_ 7 61/ 762
500 _aTexte Integral
650 0 _aFrench fiction.
650 4 _aCES
650 4 _aColección Enriquillo Sánchez.
942 _2lcc
_cbk
946 _amjcruz
994 _aC0
_bDRFGD
999 _c80735
_d80735